[Event "Klatovy op-B 24th"]
[Site "Klatovy"]
[Date "2018.07.05"]
[Round "6"]
[White "Pecka, Jan"]
[Black "Krupansky, Jaromir"]
[Result "1-0"]
[WhiteElo "1383"]
[BlackElo "1765"]
[PlyCount "79"]
[EventDate "2018.06.30"]
[EventType "swiss"]
[EventRounds "9"]
[EventCountry "CZE"]
[SourceTitle "EXT 2019"]
[Source "ChessBase"]
[SourceDate "2018.10.10"]
[SourceVersion "1"]
[SourceVersionDate "2018.10.10"]
[SourceQuality "1"]

1. e4 c5 2. Nf3 Nc6 3. Bb5 d6 4. 0-0 Bd7 5. c3 Nf6 6. Re1 e5 7. d4 Qc7 8. Qd3 Be7 9. h3 0-0 10. Be3 cxd4 11. cxd4 Nb4 12. Qb3 Bxb5 13. Qxb4 Ba6 14. d5 Qc4 15. Qxc4 Bxc4 16. Nbd2 Ba6 17. Rac1 Rfc8 18. Nh2 Nd7 19. Nhf1 b6 20. b4 Rxc1 21. Rxc1 Rc8 22. Rxc8+ Bxc8 23. b5 Nc5 24. Bxc5 bxc5 25. Nc4 Kf8 26. Nfd2 Ke8 27. Kf1 Bd7 28. a4 Kd8 29. Nb3 Kc7 30. Ke2 g6 31. Kd3 f5 32. f3 fxe4+ 33. fxe4 h5 34. Nba5 Bf8 35. Nc6 Kb7 36. a5 g5 37. a6+ Ka8 38. b6 Bxc6 39. dxc6 axb6 40. c7 1-0